1094 1871 1912 1470 1237 1237 1808 1419 1467 1437 1274 1011 1154 1963 1914 1074 1102 1361 1257 1152 1257 1652 1557 1544 1885 1781 1498 1307 1456 1104 1207 1378 1123 1323 1570 1876 1866 1894 1598 1447 1418 1641 1020 1569 1218 1847 1852 1734 1964 1356 1533 1362 1760 1822 1693 1841 1497 1027 1429 1995 1269 1072 1066 1096 1864 1564 1685 1796 1180 1803 1886 1984 1124 1900 1607 1200 1735 1998 1078 1831 1547 1339 1320 1677 1751 1373 1122 1018 1368 1800 1812 1851 1273 1348 1943 1294 1573 1722 1768 BCNSPRNW ULIB Ver.6.0+V

เปลี่ยนเป็นภาษาไทย

Change to English
 แสดงรายละเอียดบรรณานุกรม
  กลับหน้าหลัก

Brief Record : Get Marc (ISO 2709) : E-mail record : QR code < ปิดหน้าต่าง
LEADER : 00000nam a2200000Ia 4500
001    13399125717
003     ULIB
008    090518s2551 th a 001 0 tha d
020    ^a9789749922781
060 04 ^aWY105^bว585ก
245 00 ^aการบริหารการพยาบาล /^cวิทยาลัยพยาบาลสภากาชาด ; รัชนี อยู่ศิริ,บรรณาธิการ
250    ^aพิมพ์ครั้งที่ 1
260    ^aกรุงเทพฯ :^bวิทยาลัย,^c2551
300    ^a327 หน้า :^bภาพประกอบ ;^c26 ซม.
650  4 ^aการพยาบาล^xการบริหาร
700 0  ^aรัชนี อยู่ศิริ,^eบรรณาธิการ
710 2  ^aวิทยาลัยพยาบาลสภากาชาด
945    ^p250^l0^i15467
995    ^aกัณชพร
999    ^aกัณชพร
รายการนี้ยังไม่มีแท็ก
คุณยังไม่ได้ล็อกอิน คุณสามารถมีกิจกรรมร่วมกับเว็บไซต์ได้ แต่ต้องล็อกอินก่อน ::
  ล็อกอิน

รายการสื่อสารสนเทศ

ลำดับที่ ประเภท เลขเรียก/บาร์โค้ด สถานที่ สถานะ
1. วิทยาศาสตร์การแพทย์ และสุขภาพ
วิทยาศาสตร์การแพทย์ และสุขภาพ
WY105 ว585ก ฉ.1 
  Barcode: 15467
ห้องสมุดวิทยาเขตนครสวรรค์
►ส่วนจัดเก็บหนังสือเก่า นว.
บนชั้น
  ขอยืม

BibComment


ยังไม่เคยถูกคอมเมนท์

คอมเมนท์ทรัพยากรรายการนี้
  คอมเมนท์: การบริหารการพยาบ..


 Copyright 2026. Bcnsprnw @Library